000 01311cam a2200325 i 4500
001 26556
003 Mx-PuUPA
005 20231030104412.0
008 140415s2003 mx gr 000 0 spa d
020 _a9707221623
040 _cMx-PuUPA
_aMx-PuUPA
_bspa
_dMx-PuUPA
_erda
041 0 _aspa
100 1 _aMagallón Anaya, Mario
_915057
245 1 0 _aLa democracia en América Latina /
_b
_cMario Magallón Anaya
250 _aPrimera edición
264 1 _aMéxico, D.F. :
_bPlaza y Valdés,
_c2003
300 _a427 páginas ;
_c23 cm
336 _2rdacontent
_atexto
_btxt
337 _2rdamedia
_asin medio
_bn
338 _2rdacarrier
_avolumen
_bnc
490 0 _aColección Democracia y Cultura
500 _a"Esta obra forma parte del Proyecto INI311599: "Democracia y utopías: espacio público y subjetividad en América Latina", que cuenta con el apoyo de la Dirección General de Asuntos del Personal Académico de la UNAM". -- Anteportada
650 7 _2armarc
_aDemocracia
_zAmérica Latina
651 4 _aAmérica Latina
_xPolítica y gobierno
651 4 _aAmérica Latina
_xPolítica y gobierno
_ySiglo XX
942 _2ddc
_cLI
_h321.8098
_iM188
999 _c26556
_d26556